00575nam a2200169 450000500170000001000150001702000270003203500140005903700130007308200110008610000260009724501060012326000350022927000650026430000260032950000500035520200123121840.0 aENG-127524 c1395.00a9789382730576 aEN-111056 bDBAD/PUB a954.41 aJoshi,Radhakrishna L. aHistory of Modern Maharashtra 1818 AD to 1960 AD/cby Radhakrishna L. Joshi [and] Gatti Ganpat Vishnu aKanpurbGarima Prakashanc2017 a1st floor, Mayur Park, Basant Vihar NaubastabKanpure208021 aviii;324p.c22cm(pbk) aincludes bibliographical references and index